000 00357nam a2200157Ia 4500
100 _aScroggie/M.G
650 _aElectrical Engineering
942 _cBK
654 _aFoundation
245 _aFoundation Of wireless And Electronics
260 _bButtersworth
_aLondon
_c1984
082 _a621.3
_bScr
300 _a551
546 _aENGLISH
999 _c31959
_d31959